| 000 | 01789nam0a2200385 4500 | ||
|---|---|---|---|
| 001 | RU\NLR\bibl\1795175 | ||
| 005 | 20250616144231.0 | ||
| 021 |
_aRU _b2011-51797 _93697 |
||
| 035 | _a(nilc)RSL-KNO-004970481 | ||
| 035 | _a(NLR Aleph) 001785862 | ||
| 090 |
_a1726655 _c1726655 |
||
| 100 | _a20110711d2010 |||y0rusy50 ca | ||
| 101 | 0 | _arus | |
| 102 | _aRU | ||
| 105 | _aa ||||||||| | ||
| 200 | 1 |
_aТехнологии анализа рынков на основе обобщенного непараметрического метода _fИ.А. Кондраков, Л.Я. Поспелова, Д.А. Усанов, А.А. Шананин _gУчреждение Рос. акад. наук, ВЦ им. А.А. Дородницына РАН |
|
| 210 |
_aМосква _cВычислительный центр им. А. А. Дородницына РАН _d2010 |
||
| 215 |
_a66, [1] с. _cил. _d20 |
||
| 225 | 1 | _aСообщения по прикладной математике | |
| 320 | _aБиблиогр.: с. 64-65 (16 назв.) | ||
| 606 | 1 |
_aРынки потребительские _92117333 _3RU\NLR\AUTH\661278963 |
|
| 686 |
_aУ051.9(2)421.0,0 _2rubbk |
||
| 686 | 1 | _aУ42(2)1-361в611 | |
| 701 | 1 |
_aКондраков _bИ. А. _gИван Александрович _4070 |
|
| 701 | 1 |
_aПоспелова _bЛ. Я. _gЛюдмила Яковлевна _4070 |
|
| 701 | 1 |
_aУсанов _bД. А. _gДмитрий Александрович _4070 |
|
| 701 | 1 |
_aШананин _bА. А. _gАлександр Алексеевич _4070 |
|
| 801 | 0 |
_aRU _bRuMoRKP _c20110711 _grcr |
|
| 801 | 1 |
_aRU _bРГБ _c20110711 |
|
| 801 | 2 |
_aRU _bNLR _c20110803 _grcr |
|
| 830 | _aавт. по базе | ||
| 942 | _cBOOK | ||
| 980 | _aNB | ||